| 000 | 01006nam a22002897a 4500 | ||
|---|---|---|---|
| 001 | 9625 | ||
| 003 | FISKH | ||
| 005 | 20260128092005.0 | ||
| 008 | 260126b cb ||||| |||| 00| 0 eng d | ||
| 020 | _a9780552166591 | ||
| 040 |
_aFISKH _beng _cFISKH _dFISKH |
||
| 050 | _aPR6066 .R34 | ||
| 082 | _a823.914 | ||
| 100 | _aPratchett , Terry | ||
| 245 |
_aThe color of magic / _cBy Terry Pratchett |
||
| 260 |
_aLondon : _bCorgi Books , _c 1983 . |
||
| 300 |
_a287 pages : _billustrations ; _c20 cm . |
||
| 490 |
_aDiscworld _v1 |
||
| 505 | _aX | ||
| 520 | _aOn a world supported on the back of a giant turtle, a gleeful, explosive, wickedly eccentric expedition sets out. There's an avaricious but inept wizard, a naive tourist whose luggage moves on hundreds of dear little legs, and of course 'the edge' of the planet. | ||
| 521 | 8 |
_a890
_bLexile |
|
| 521 | 8 |
_aX
_bRaz-Plus |
|
| 650 |
_aDiscworld _vFiction |
||
| 650 |
_aFantasy _vFiction |
||
| 942 |
_2ddc _cBK _n0 |
||
| 999 |
_c9625 _d9625 |
||